000 00375nam a22001337a 4500
003 SGT
020 _a8170165016
082 _a891.4309
_bN11V
100 _aवाजपेयी, अटल बिहारी
245 _aनई चुनौती नया अवसर
260 _bकिताबघर प्रकाशन
_c2011
300 _a280
942 _2ddc
_cBK
999 _c30132
_d30132